00999nam a2200229 a 450000100100000000500170001000800410002704000250006808200150009310000300010824501450013826000510028330000200033449000700035449000240042450400740044883000770052283000310059904900090063095201130063999900170075200002833520200930031542.0110408s1985 dr 000 0 spa d aDO-SdBNPbspacBNPHU axxxbR666p1 aRobles Cid, Diomedes924013aLa planificación económica y de la salud en América Latina y su relación con la atención primaria en salud /cDiomedes Robles Cid. aSanto Domingo :bEditora Universitaria,c1985. a21 p. ;c21 cm.1 aPublicaciones de la Universiadad Autónoma de Santo Domingov4501 aSalud y Sociedadv7 aIncluye referencias bibliográficas y notas al pie de las páginas. 0aPublicaciones de la Universiadad Autónoma de Santo Domingov450955314 0aSalud y Sociedadv7913999 aBNPD 0010718PDaPDbPDcCTd2011-04-08iLF1l0oxxx R666pp28335-10r2020-06-25w2020-06-25yLFPDZNo se presta c27827d27827